000 00412nam a2200181Ia 4500
005 20250423100221.0
008 250422s9999 xx 000 0 und d
020 _a0-688-04033-0
050 _aE840.8.B87W45
100 _aBarbara Bush
245 0 _aMillie's Book
260 _aNew York
260 _bWilliam Morrow and Company
260 _c1990
300 _a141 p
650 _aAnecdotes
942 _cBK
999 _c32633
_d32633